Psammetichus II : reign, documents and officials /
Main Author:
Format: Book
Language: English
Published:
London :
Golden House Publication,
2017.
Series:
GHP Egyptology ;
25.
Egyptology ;
25.
Subjects:
Tags: Add Tag
Call Number: DT59 .E88 v.25
| LEADER | 01140namaa2200337 4500 | ||
|---|---|---|---|
| 003 | OSt | ||
| 005 | 20260517105330.0 | ||
| 008 | 130303t20172017enkabf b 001 0 eng d | ||
| 020 | |a 9781906137410 | ||
| 020 | |a 1906137412 | ||
| 040 | |c ARCE Library | ||
| 043 | |a f-ua--- | ||
| 050 | 4 | |a DT59 .E88 v.25 | |
| 100 | 1 | |a Gozzoli, Roberto B., |e author |9 30992 | |
| 245 | 1 | 0 | |a Psammetichus II : |b reign, documents and officials / |c Roberto B. Gozzoli. |
| 246 | 3 | |a Psammetichus 2. | |
| 246 | 3 | |a Psammetichus two. | |
| 264 | 1 | |a London : |b Golden House Publication, |c 2017. | |
| 264 | 4 | |c ©2017. | |
| 300 | |a xx, 252 pages, 8 unnumbered pages of plates : |b illustrations (some color), map ; |c 24 cm. | ||
| 490 | 0 | |a GHP Egyptology ; |v 25. | |
| 490 | 0 | |a Egyptology ; |v 25. | |
| 504 | |a Includes bibliographical references (pages 217-247) and index. | ||
| 600 | 0 | 0 | |a Psamtik |b II, |c King of Egypt, |d -589 B.C. |9 37910 |
| 650 | 0 | |a Egyptology. | |
| 651 | 0 | |a Egypt |x Antiquities. | |
| 651 | 0 | |a Egypt |x History |y To 332 B.C. | |
| 651 | 0 | |a Egypt |x History |y Twenty-sixth dynasty, ca. 595-589 B.C. | |
| 901 | |a reviewed | ||
| 942 | |c BK |2 lcc | ||
| 999 | |c 639 |d 639 | ||
